Maslow's Hierarchy of Needs Quiz Stats

 Plays Quiz Updated Feb 27, 2019

Score 0/5 Timer 01:00
1 Play Today
% Correct
Physiological Needs
92.3%
Love and Belonging Needs
68.4%
Safety Needs
35.7%
Self-Actualization
31.5%
Esteem
19.7%

You're not logged in!

Compare scores with friends on all Sporcle quizzes.
OR
Log In

Show Comments

Extras

Top Quizzes Today


Score Distribution

Your Account Isn't Verified!

In order to create a playlist on Sporcle, you need to verify the email address you used during registration. Go to your Sporcle Settings to finish the process.

Report this User

Report this user for behavior that violates our Community Guidelines.

Details: